Podmienky optimálnosti v úlohe cenovej regulácie na báze Averchovho - Jonesovho modelu
Sieťové odvetvia, regulačný mechanizmus, primeraný zisk regulovaného odvetvia, miera regulácie, Averchov - Johnsonov model. Podmienky optimálnosti Kuhna - Tuckera.
Enregistré dans:
| Auteur principal: | |
|---|---|
| Format: | Chapitre de livre |
| Langue: | slovaque |
| Sujets: | |
| Tags: |
Pas de tags, Soyez le premier à ajouter un tag!
|
MARC
| LEADER | 00000nla a2200000 4500 | ||
|---|---|---|---|
| 001 | 0237682 | ||
| 005 | 20240502073836.7 | ||
| 041 | 0 | |a slo | |
| 044 | |a SK | ||
| 245 | 1 | 0 | |a Podmienky optimálnosti v úlohe cenovej regulácie na báze Averchovho - Jonesovho modelu |c Michal Fendek |
| 520 | |a Sieťové odvetvia, regulačný mechanizmus, primeraný zisk regulovaného odvetvia, miera regulácie, Averchov - Johnsonov model. Podmienky optimálnosti Kuhna - Tuckera. | ||
| 610 | 2 | 0 | |a firmy |
| 610 | 2 | 0 | |a návratnosť investícií |
| 610 | 2 | 0 | |a odvetvia sieťové |
| 610 | 2 | 0 | |a regulácia cenová |
| 610 | 2 | 0 | |a modely |
| 100 | 1 | |a Fendek, Michal | |